Most Streamed ScHoolboy Q Songs - Statistics

General Stats
  • This quiz has been taken 34 times
    5 since last reset
  • The average score is 11 of 20
Answer Stats
# Streams Answer % Correct
1 744,002,862 Collard Greens
100%
3 437,393,975 Man Of The Year
75%
2 609,294,924 2 On
50%
11 162,757,977 Bitches N Marijuana
50%
19 86,573,678 CHopstix
50%
18 102,605,872 CrasH
50%
13 140,130,387 Electric Body
50%
12 141,080,356 Floating
50%
7 283,478,998 Hands on the Wheel
50%
16 110,266,257 Hell Of A Night
50%
20 79,561,597 I Just Wanna Party
50%
10 178,516,765 Numb Numb Juice
50%
15 128,337,233 PMW (All I Really Need)
50%
5 322,788,025 Studio
50%
9 237,040,556 THat Part
50%
14 135,996,344 Thought I Was Dead
50%
6 306,355,525 White Walls
50%
4 400,559,618 Work REMIX
50%
8 282,313,491 X
50%
17 106,063,709 Am I Wrong
25%
No matching quizzes found
Score Distribution
Percent of People with Each Score
Percentile by Number Answered
Your Score History
You have not taken this quiz since the last reset